000 00536nam a2200169Ia 4500
003 GCL
008 140319s9999 xx 000 0 ara d
040 _aGCL /
_cGCL
082 0 4 _aق
_b932
_bز و
100 1 _aزهير الشايب (مترجم)
245 1 0 _aوصف مصر الدول الدولة الحديثة اللوحات /
_cزهير الشايب (مترجم)
260 _a[S.N] :
_bدار الشباب للنشر ،
_c1994
490 _a
650 0 4 _aمصر
650 0 4 _aالاثار الاسلامية
942 _2ddc
_cBK
999 _c52044
_d52044